000 00649ctc a22002055a 4500
001 L141551
008 071130i19321942xxk eng u
035 _a(Sirsi) u141551
041 0 _aeng
110 2 _aNational Association of Auctioneers
_95474
245 0 1 _a[Membership and subscription lists]
_h[manuscript]
260 _c1932-1942
300 _a2 v.
_c44 x 50 cm. and 43 x 49 cm.
340 _aManuscript
351 _cFonds
500 _aThe National Association of Auctioneers later became part of the Incorporated Society of Auctioneers.
651 4 _aUnited Kingdom
_y
690 _aABOUT RICS-RELATED ORGANISATIONS
942 _n0
999 _c116735
_d116735